00300nam a2200121 a 4500008004100000020001500041050001700056100002200073245002500095246002400120260002500144350000900169120416s0000 ||||||||||||||||| || u a034075897X aTL 671.4 Esh aEshelby, Martin E10aAircraft performance atheory and practice aLondonbArnoldc2000 a0.00